书目信息 |
| 题名: |
大学俄语= Русскии яэык
|
|
| 作者: | 童丹 主编 | |
| 分册: | 2 一课一练 | |
| 出版信息: | 北京 外语教学与研究出版社 2011.07 |
|
| 页数: | 339页 | |
| 开本: | 20cm | |
| 丛书名: | ||
| 单 册: | ||
| 中图分类: | H35 | |
| 科图分类: | ||
| 主题词: | 俄语 | |
| 电子资源: | ||
| ISBN: | 7-5135-1065-2 | |
| 000 | 00645nam0 2200205 450 | |
| 001 | 2159951937 | |
| 005 | 20211207102008.72 | |
| 010 | @a7-5135-1065-2@dCNY39.90 | |
| 100 | @a20211206d2011 km y0chiy0120 ea | |
| 101 | 0 | @achi |
| 102 | @aCN@b110000 | |
| 200 | 1 | @a大学俄语= Русскии яэык@ADa Xue E Yu=Русскиияэык@h2@i一课一练@f童丹主编@FTong Dan Zhu Bian |
| 210 | @a北京@c外语教学与研究出版社@d2011.07 | |
| 215 | @a339页@d20cm | |
| 517 | 1 | @a一课一练@AYi Ke Yi Lian |
| 606 | 0 | @a俄语 |
| 690 | @aH35@v4 | |
| 701 | 0 | @a童丹@ATong Dan@4主编 |
| 801 | 0 | @aCN@b大连网信软件有限公司图书馆·11@c20211207 |
| 905 | @aZUCC@dH35@eT843:2=2 | |
| 大学俄语= Русскии яэык.2.一课一练/童丹主编.-北京:外语教学与研究出版社,2011.07 |
| 339页;20cm |
| ISBN 7-5135-1065-2:CNY39.90 |
| ● |
| 相关链接 |
|
|
|
正题名:大学俄语= Русскии яэык
索取号:H35/T843:2=2
 
预约/预借
| 序号 | 登录号 | 条形码 | 馆藏地/架位号 | 状态 | 备注 |
| 1 | 1502581 | 215025817 | 国际教育学院资料室/ [索取号:H35/T843:2=2] | 在馆 |